|
|
|
|
| LEADER |
00842nam a22002532a 4500 |
| 001 |
000836863 |
| 003 |
CZ BrMZK |
| 005 |
20100601120245.0 |
| 007 |
ta |
| 008 |
070108s1987 xr er|||||||||||cze d |
| 015 |
|
|
|a cnb000033200
|
| 035 |
|
|
|a (OCoLC)17553987
|
| 040 |
|
|
|a BOA001
|b cze
|
| 080 |
9 |
|
|a 885.0-31
|
| 100 |
1 |
|
|a Svozilová-Johnová, Herma,
|d 1914-2009
|7 jk01122150
|4 aut
|
| 245 |
1 |
0 |
|a Zvláštní zážitek /
|c Svozilová-Johnová, Herma
|
| 250 |
|
|
|a 1. vyd.
|
| 260 |
|
|
|a Praha :
|b Československý spisovatel,
|c 1987
|
| 300 |
|
|
|a 205 s.
|
| 856 |
4 |
1 |
|u http://www.digitalniknihovna.cz/mzk/uuid/uuid:2973a210-bd55-11e2-8b87-005056827e51
|y Digitalizovaný dokument
|x NDK
|
| 910 |
|
|
|a BOA001
|b 2-0922.717
|
| 990 |
|
|
|a BK
|
| 991 |
|
|
|b 200701
|
| 996 |
6 |
|
|b 2619331646
|c 2-0922.717
|l MZK
|r Sklad / do 1 hodiny
|n 1
|w 000836863
|u 000010
|a 1
|e BOA001
|j MZK50
|s P
|